Central Library OPAC University of Rajshahi

Historical experience of building the Workers' Party of Korea / (Record no. 85452)

MARC details
000 -LEADER
fixed length control field 00761nam a2200241 a 4500
001 - CONTROL NUMBER
control field 85452
003 - CONTROL NUMBER IDENTIFIER
rucl marc code BD-RjUL
005 - DATE AND TIME OF LATEST TRANSACTION
control field 20250806130306.0
008 - FIXED-LENGTH DATA ELEMENTS--GENERAL INFORMATION
fixed length control field 250806s1986 kn ||||| |||| 00| 0 eng d
035 ## - SYSTEM CONTROL NUMBER
System control number (BD-RjUL)85452
040 ## - CATALOGING SOURCE
Original cataloging agency BD-RjUL
Language of cataloging eng
Transcribing agency BD-RjUL
041 ## - LANGUAGE CODE
Language code of text/sound track or separate title eng
082 ## - DEWEY DECIMAL CLASSIFICATION NUMBER
Edition number 23
Classification number 951.93043
Author mark and year SUH 1986
100 ## - MAIN ENTRY--PERSONAL NAME
Personal name Sung, Kim Il
9 (RLIN) 16485
245 ## - TITLE STATEMENT
Title Historical experience of building the Workers' Party of Korea /
Statement of responsibility, etc. Kim Il Sung
260 ## - PUBLICATION, DISTRIBUTION, ETC. (IMPRINT)
Place of publication, distribution, etc. Pyongyang :
Name of publisher, distributor, etc. Foreign Languages Pub. House,
Date of publication, distribution, etc. 1986
300 ## - PHYSICAL DESCRIPTION
Pagination 109 pages;
Size 19 cm.
600 ## - SUBJECT ADDED ENTRY--PERSONAL NAME
Personal name Sung, Kim Il
650 ## - SUBJECT ADDED ENTRY--TOPICAL TERM
Topical term or geographic name as entry element North Korea
General subdivision History
Chronological subdivision Kim Il Sung, 1948-1994
9 (RLIN) 16486
Topical term or geographic name as entry element Communism Korea (North) History
9 (RLIN) 16487
Topical term or geographic name as entry element Communist parties
9 (RLIN) 16488
942 ## - ADDED ENTRY ELEMENTS (KOHA)
Source of classification or shelving scheme Dewey Decimal Classification
Koha item type Books
Holdings
Lost status Source of classification or shelving scheme Damaged status Not for loan Collection code Permanent Location Current Location Shelving location Date acquired Total Checkouts Full call number Date last seen Copy number Koha item type
  Dewey Decimal Classification   Not For Loan Non-fiction Central Library, University of Rajshahi Central Library, University of Rajshahi Reading Room 06/08/2025   951.93043 SUH 1986 06/08/2025 C-1 Books